Jochs Florals de Barcelona : any ... de llur restauració / any ... de llur restauració /
Descripción Física:
5 vols. enquadernats + 1 exp. ; periodicitat: anual ; 24 cm.
MARC
| LEADER | 00000nas a2200000 a 4500 | ||
|---|---|---|---|
| 001 | 20673, 20674, 20675, 20676, 20677, 20678, 20679, 20680, 20681, 20682, 13307, 13308, 13309, 13310, 13311 | ||
| 003 | Arxiu | ||
| 005 | 20260324181053.0 | ||
| 008 | 160829s9999 xx 000 0 cat d | ||
| 040 | |a agdb | ||
| 080 | |a Revistes | ||
| 100 | |a Jocs Florals de Barcelona. Consistori |9 43306 | ||
| 245 | |a Jochs Florals de Barcelona : |b any ... de llur restauració / |c Consistori dels Jochs Florals de Barcelona | ||
| 246 | |a Jocs Florals de Barcelona | ||
| 260 | |a Barcelona : |b Estampa La Renaxensa, |c [1859] - | ||
| 300 | |a 5 vols. enquadernats + 1 exp. ; |b periodicitat: anual ; |c 24 cm. | ||
| 310 | |a Anual | ||
| 590 | |a Descripció basada en: 1922. | ||
| 590 | |a Des de l'any 1862 fins el 1888 provenen de 1943, exp. 1 (CAT-AGDB-101-Z9999-0000-1-620e68477253ac5b2411ad12). | ||
| 590 | |a Títol anterior a 1888: Consistori dels Jochs Florals de Barcelona, cartell de convocació pera 'ls [sic] del present any ... | ||
| 590 | |a L'exemplar de 1862 està en mal estat de conservació. | ||
| 650 | |a Jocs Florals de Barcelona |x Revistes |9 48488 | ||
| 650 | |a Poesia catalana |x S. XIX |x Revistes |9 48489 | ||
| 650 | |a Poesia catalana |x S. XX |x Revistes |9 48490 | ||
| 655 | 0 | |9 55823 |a Revistes | |
| 866 | |a 1862, 1864 (Acta de la festa i poema 'Créurer es viurer' de M. Josepa Massanés de González), 1865, 1866, 1868, 1869, 1871, 1872, 1873, 1876, 1877, 1879, 1880, 1888, 1888 (Suplement) | ||
| 866 | |a 1922 | ||
| 866 | |a 1925-1930 | ||
| 866 | |a 1935 | ||
| 901 | |a Arxiu | ||
| 942 | |n 1 |2 udc |c REV | ||
| 952 | |0 0 |1 0 |2 udc |4 0 |7 1 |9 54594 |a Arxiu |b Arxiu |d 2016-12-01 |h 1862-1888 |o 1943, exp. 1 |p 20673, 20674, 20675, |r 2016-12-01 00:00:00 |w 2016-12-01 |y ARXIU | ||
| 952 | |0 0 |1 0 |2 udc |4 0 |6 REV296 |7 1 |9 63947 |a Arxiu |b Arxiu |d 2022-10-10 |h 1922 |o Rev-296 |p 13307 |r 2022-10-10 00:00:00 |w 2022-10-10 |y ARXIU | ||
| 952 | |0 0 |1 0 |2 udc |4 0 |6 REV297 |7 1 |9 63948 |a Arxiu |b Arxiu |d 2022-10-10 |h 1925-1926 |l 0 |o Rev-297 |p 13308 |r 2022-10-10 00:00:00 |w 2022-10-10 |y ARXIU | ||
| 952 | |0 0 |1 0 |2 udc |4 0 |7 1 |9 63949 |a Arxiu |b Arxiu |d 2022-10-10 |h 1927-1928 |o Rev-298 |p 13309 |r 2022-10-10 00:00:00 |w 2022-10-10 |y ARXIU | ||
| 952 | |0 0 |1 0 |2 udc |4 0 |6 REV299 |7 1 |9 63950 |a Arxiu |b Arxiu |d 2022-10-10 |h 1929-1930 |l 0 |o Rev-299 |p 13310 |r 2022-10-10 00:00:00 |w 2022-10-10 |y ARXIU | ||
| 952 | |0 0 |1 0 |2 udc |4 0 |6 REV300 |7 1 |9 63951 |a Arxiu |b Arxiu |d 2022-10-10 |h 1935 |l 0 |o Rev-300 |p 13311 |r 2022-10-10 00:00:00 |w 2022-10-10 |y ARXIU | ||
| 999 | |c 58463 |d 58463 | ||